000 00423nam a2200157Ia 4500
003 LK-CoDNM
008 010623t1877 xxu||||| |||| 00| 1 eng d
040 _aLK-CoDNM
_dLK-CoDNM
_eLK-CoDNM
041 _aeng
080 _a9 K 9
100 _aGardner,Percy.
245 _aThe Interhational Numismata Orientalia : The Parthian Coinage
260 _bTrubner Co.
_aLondon
_c1877
300 _biv,68p,8Pl., 31 cm
942 _cBK
999 _c82117
_d82117